00586nam a2200193Ia 450000500170000000800410001702000260005804000190008404100120010308200130011510000200012824500710014826000320021930000320025144000310028350400400031465000280035485000100038220220720134852.0131103s9999 xx 000 0 und d a6861849c12.99 pounds aLoreto College aEnglish a508bBOW aBowler,Peter J. 4aThe Fontana history of the environmental sciencescPeter J. Bolwer aLondonbFontana Pressc1992 axv,634pb illus, fig,tables aFontana History of Science aIncludes notes,bibliography & index aScience,Natural history aLCLIB